Effects of interest rate deregulation on agricultural finance and growth in Nigeria

Vplyvy deregulácie úrokovej miery na poľnohospodárske financie a hospodársky rast v Nigérii v rokoch 1970-2011. Vplyv štátnych financií na výkonnosť poľnohospodárskeho sektoru v ekonomike Nigérie.

Saved in:
Bibliographic Details
Main Author: Onyishi, L.O
Other Authors: Arene, Ch. J., Ifiorah, Ch. M.
Format: Book Chapter
Language:English
Subjects:
Tags: Add Tag
No Tags, Be the first to tag this record!

MARC

LEADER 00000nla a2200000 4500
001 0227635
005 20240417075111.8
041 0 |a eng 
044 |a SK 
245 1 0 |a Effects of interest rate deregulation on agricultural finance and growth in Nigeria  |c L.O. Onyishi, Ch. J. Arene, Ch. M. Ifiorah 
520 |a Vplyvy deregulácie úrokovej miery na poľnohospodárske financie a hospodársky rast v Nigérii v rokoch 1970-2011. Vplyv štátnych financií na výkonnosť poľnohospodárskeho sektoru v ekonomike Nigérie. 
610 2 0 |a miera úroková 
610 2 0 |a deregulácia 
610 2 0 |a poľnohospodárstvo 
610 2 0 |a produkt domáci hrubý 
610 2 0 |a rast hospodársky 
610 2 0 |a Nigéria 
100 1 |a Onyishi, L.O. 
700 1 |a Arene, Ch. J. 
700 1 |a Ifiorah, Ch. M.